Ciudades de Sudamérica en emojis - Estadísticas

Estadísticas generales
  • Esta prueba ha sido intentada 40 veces
    39 desde el último reinicio
  • La puntuación promedio es 14 de 32
Estadísticas de respuestas
Imagen Respuesta % Correcto
São Paulo
84%
Barranquilla
74%
Caracas
71%
Santiago de Chile
71%
Buenos Aires
68%
Cusco
68%
Bogotá
65%
Quito
65%
Lima
58%
Mendoza
58%
Rosario
58%
Cali
52%
Medellín
52%
Río de Janeiro
48%
Valparaíso
45%
Bariloche
42%
Cartagena
42%
Manaos
39%
Mar del Plata
39%
Porto Alegre
39%
Villa Imperial de Potosí
35%
Maracaibo
32%
Antofagasta
29%
Córdoba
29%
Punta Arenas
26%
Salvador de Bahía
26%
Santa Cruz de la Sierra
26%
Recife
23%
Cochabamba
19%
Puerto Madryn
19%
Fortaleza
16%
Brasilia
6%
No se encontraron pruebas coincidentes
Distribución de puntuación
Porcentaje de gente con cada puntuación
Porcentaje por número respondido
Historial de tus puntuaciones
No has intentado esta prueba desde el último reinicio